000 00613nam a2200193Ia 4500
008 220216s9999 xx 000 0 und d
100 _aObania O.R
245 0 _aOxirane ring opening of rubber (Hevea brasiliensis) seed oil by performic acid
260 _bInternational Journal of Innovative Technology and Exploring Engineering (IJITEE)
_c2019
500 _aSource Year: 2019
650 _aHevea brasiliensis
650 _aRubber seed oil
700 _aAjani O.O
700 _aOjewumi M.E
700 _aOmodara O.J
700 _aUdonne J.D
856 _udoi:10.35940/ijitee.L2580.119119)
942 _cJS
999 _c64549
_d64549